Govt. of
Madhya Pradesh

Theory and Problems of Programming With C++ (Record no. 33661)

MARC details
000 -LEADER
fixed length control field 003540000a22001450004500
003 - CONTROL NUMBER IDENTIFIER
control field MACL
040 ## - CATALOGING SOURCE
Original cataloging agency MACL
090 ## - LOCALLY ASSIGNED LC-TYPE CALL NUMBER (OCLC); LOCAL CALL NUMBER (RLIN)
-- 34017
-- 34015
100 ## - MAIN ENTRY--PERSONAL NAME
Personal name Hubbard, L. Ron
245 ## - TITLE STATEMENT
Title Theory and Problems of Programming With C++
260 ## - PUBLICATION, DISTRIBUTION, ETC. (IMPRINT)
Name of publisher, distributor, etc. Tata Mcgraw Hill Publishing
Date of publication, distribution, etc. 2002
350 ## - PRICE (NR) (BK AM CF MU VM SE) [OBSOLETE]
Price 165
650 ## - SUBJECT ADDED ENTRY--TOPICAL TERM
Topical term or geographic name as entry element Computer probraming
942 ## - ADDED ENTRY ELEMENTS (KOHA)
Koha item type Library Membar
Call number prefix 005.133/Hub
Holdings
Withdrawn status Lost status Source of classification or shelving scheme Damaged status Not for loan Home library Current library Date acquired Total Checkouts Barcode Date last seen Date last checked out Price effective from Koha item type
          MACL MACL 13/02/2016 2 CLC002145 28/04/2017 25/04/2017 13/02/2016 Library Membar